000 00527nam a2200181 a 4500
001 000036529
005 20200930075800.0
008 120119s2003 mx a 000 0 spa d
020 _a9681838785
040 _aDO-SdBNP
_bspa
_cBNPHU
082 _axxx
_bP558m
100 1 _aPhillips, W. J.
_962783
245 1 0 _aMineralogía /
_cW. J. Phillips, N. Phillips.
260 _aMéxico :
_bCiencia y Técnica,
_c2003.
300 _av. :
_bil ;
_c26 cm.
500 _aLa biblioteca posee los vols. 1 y 3
700 1 _aPhillips, N.
_959512
999 _c36020
_d36020